Compendio de gramática castellana.

Saved in:
Bibliographic Details
Main Author: Escamilla, Juan B.
Format: Book
Language:Spanish
Published: Celaya, Irapuato 1887
Textbook Catalogue:MANES:  Library Catalog Search Result
Textbook Classification:
Tags: Add Tag
No Tags, Be the first to tag this record!
Added to:2018-10-26
Changed in:2024-11-20

MARC

LEADER 00000nam a2200000 4500
005 20241121020206.0
008 181027b xxu||||| |||| 00| 0 spa d
040 |a centro_manes   |c universidad_colima 
100 |9 22773  |a Escamilla, Juan B. 
245 |a Compendio de gramática castellana. 
260 |a Celaya, Irapuato   |c 1887 
300 |a [26 p.]   |c [23 cm.] 
500 |a Aparece: Francisco Ziga, "Bibliografía Pedagógica. Libros de texto para enseñanza primaria:1850-1970 V. Libros de Gramática" en Boletín del Instituto de Investigaciones Bibliográficas 1981-1982, Biblioteca Nacional, Hemeroteca Nacional, Universidad Nacional Autónoma de México, Nos. 18 - 19,p. 159.  |a Obra refundida y considerablemente aumentada sobre la que escribió Nicolás de Londais. Adoptada como texto para las escuelas de beneficencia de Celaya y Salamanca sostenidas por la Sra. Emeteria Valencia González. 2ª. ed., en la que se transcribe un apéndice sobre la métrica de la lengua castellana. Primera Parte Analogía. Reimpreso por Miguel M. Castro. Pag. Div. (El Nuevo Londé) 
690 0 |a LEN 
691 0 |a PRI 
942 |2 ddc  |c BK 
999 |c 52863  |d 52863 
999 |c manes:52863  |d 52863